|
|
|
|
| LEADER |
01532nam a2200277 a 4500 |
| 001 |
00016985 |
| 003 |
BD-DhAAL |
| 008 |
090505r20071998 ii a 001 0 eng d |
| 020 |
|
|
|a 8123906145
|
| 040 |
|
|
|a BUL
|d BD-DhAAL
|
| 082 |
|
|
|a 615.19
|
| 100 |
|
|
|a Vyas, S. P.
|9 2634
|
| 245 |
1 |
0 |
|a Pharmaceutical Biotechnology /
|c S.P.Vyas, V.K.Dixit.
|
| 260 |
|
|
|a New Delhi, :
|b CBS Publishers and Distributers,
|c 1998 (reprinted 2007, 2011).
|
| 300 |
|
|
|a viii.674 pages :
|b illustrations ;
|c 25 cm
|
| 504 |
|
|
|a Includes bibliographical references and index.
|
| 526 |
|
|
|a MNS
|x Professor Naiyyum Choudhury
Department of Mathematics and Natural Sciences
BRAC University
|
| 541 |
1 |
|
|e 00016985
|a Paragon Enterprises LTD
|
| 650 |
0 |
|
|a Pharmaceutical Biotechnology.
|9 1499
|
| 650 |
0 |
|
|a Pharmacy.
|9 43965
|
| 852 |
4 |
|
|a Ayesha Abed Library
|c General Stacks
|
| 942 |
|
|
|2 ddc
|c BK
|
| 999 |
|
|
|c 380
|d 380
|
| 952 |
|
|
|0 0
|1 0
|2 ddc
|4 0
|6 615_190000000000000_VYA_2007
|7 0
|9 344
|a BRACUL
|b BRACUL
|c GEN
|d 2009-05-05
|e Paragon Enterprises LTD
|g 650.00
|l 6
|m 8
|o 615.19 VYA
|p 3010016985
|r 2024-04-20
|s 2024-03-03
|t 1
|v 1300.00
|w 2009-05-05
|y BK
|x Requisitioned by Professor Naiyyum Choudhury.
|
| 952 |
|
|
|0 0
|1 0
|2 ddc
|4 0
|6 615_190000000000000_VYA
|7 0
|9 23157
|a BRACUL
|b BRACUL
|c GEN
|d 2013-08-17
|e Parash Publishers
|g 892.00
|l 7
|m 69
|o 615.19 VYA
|p 3010027408
|r 2025-07-13
|s 2025-06-30
|t 2
|w 2013-08-17
|y BK
|
| 952 |
|
|
|0 0
|1 0
|2 ddc
|4 0
|6 615_190000000000000_VYA
|7 0
|9 23158
|a BRACUL
|b BRACUL
|c GEN
|d 2013-08-17
|e Parash Publishers
|g 892.00
|l 9
|m 85
|o 615.19 VYA
|p 3010027409
|r 2024-02-25
|s 2024-02-20
|t 3
|w 2013-08-17
|y BK
|